<?xml version="1.0" encoding="UTF-8"?>
<record
    xmlns:xsi="http://www.w3.org/2001/XMLSchema-instance"
    xsi:schemaLocation="http://www.loc.gov/MARC21/slim http://www.loc.gov/standards/marcxml/schema/MARC21slim.xsd"
    xmlns="http://www.loc.gov/MARC21/slim">

  <leader>01083cam a2200313 a 4500</leader>
  <controlfield tag="001">18189970</controlfield>
  <controlfield tag="005">20171025141803.0</controlfield>
  <controlfield tag="008">140616t2015    moua   frb    001 0 eng d</controlfield>
  <datafield tag="020" ind1=" " ind2=" ">
    <subfield code="a">9780323222419</subfield>
  </datafield>
  <datafield tag="040" ind1=" " ind2=" ">
    <subfield code="a">DNLM/DLC</subfield>
    <subfield code="b">eng</subfield>
    <subfield code="c">DLC</subfield>
    <subfield code="d">EG-ScBUE</subfield>
    <subfield code="d">EG-ScBUE</subfield>
  </datafield>
  <datafield tag="082" ind1="0" ind2="4">
    <subfield code="a">618.9200231</subfield>
    <subfield code="b">WON</subfield>
    <subfield code="2">22</subfield>
  </datafield>
  <datafield tag="245" ind1="0" ind2="0">
    <subfield code="a">Wong's nursing care of infants and children /</subfield>
    <subfield code="c">[edited by] Marilyn J. Hockenberry, David Wilson.</subfield>
  </datafield>
  <datafield tag="246" ind1="3" ind2="0">
    <subfield code="a">Nursing care of infant and children</subfield>
  </datafield>
  <datafield tag="250" ind1=" " ind2=" ">
    <subfield code="a">10th ed.</subfield>
  </datafield>
  <datafield tag="260" ind1=" " ind2=" ">
    <subfield code="a">Missouri :</subfield>
    <subfield code="b">Mosby / Elsevier,</subfield>
    <subfield code="c">c.2015.</subfield>
  </datafield>
  <datafield tag="300" ind1=" " ind2=" ">
    <subfield code="a">xxv, 1734 p. :</subfield>
    <subfield code="b">ill. (col.) ;</subfield>
    <subfield code="c">28 cm.</subfield>
  </datafield>
  <datafield tag="500" ind1=" " ind2=" ">
    <subfield code="a">Index : p. 1687-1734.</subfield>
  </datafield>
  <datafield tag="500" ind1=" " ind2=" ">
    <subfield code="a">Includes appendices.</subfield>
  </datafield>
  <datafield tag="504" ind1=" " ind2=" ">
    <subfield code="a">Includes bibliographical references.</subfield>
  </datafield>
  <datafield tag="650" ind1=" " ind2="7">
    <subfield code="a">Pediatric nursing.</subfield>
    <subfield code="2">BUEsh</subfield>
    <subfield code="9">19967</subfield>
  </datafield>
  <datafield tag="650" ind1=" " ind2="7">
    <subfield code="a">Child Care.</subfield>
    <subfield code="2">BUEsh</subfield>
    <subfield code="9">29385</subfield>
  </datafield>
  <datafield tag="650" ind1=" " ind2="7">
    <subfield code="a">Infants</subfield>
    <subfield code="2">BUEsh</subfield>
    <subfield code="9">29386</subfield>
    <subfield code="x">Care.</subfield>
  </datafield>
  <datafield tag="651" ind1=" " ind2=" ">
    <subfield code="2">BUEsh</subfield>
  </datafield>
  <datafield tag="653" ind1=" " ind2=" ">
    <subfield code="b">NNUR</subfield>
    <subfield code="c">May2015</subfield>
    <subfield code="c">October2017</subfield>
  </datafield>
  <datafield tag="655" ind1=" " ind2=" ">
    <subfield code="v">Text book</subfield>
    <subfield code="9">33728</subfield>
  </datafield>
  <datafield tag="700" ind1="1" ind2=" ">
    <subfield code="a">Hockenberry, Marilyn J.,</subfield>
    <subfield code="e">editor.</subfield>
    <subfield code="9">37670</subfield>
  </datafield>
  <datafield tag="700" ind1="1" ind2=" ">
    <subfield code="a">Wilson, David,</subfield>
    <subfield code="d">1950 August 25-,</subfield>
    <subfield code="e">editor.</subfield>
    <subfield code="9">37669</subfield>
  </datafield>
  <datafield tag="942" ind1=" " ind2=" ">
    <subfield code="2">ddc</subfield>
  </datafield>
  <datafield tag="999" ind1=" " ind2=" ">
    <subfield code="c">19310</subfield>
    <subfield code="d">19282</subfield>
  </datafield>
  <datafield tag="952" ind1=" " ind2=" ">
    <subfield code="0">0</subfield>
    <subfield code="1">0</subfield>
    <subfield code="2">ddc</subfield>
    <subfield code="4">0</subfield>
    <subfield code="7">0</subfield>
    <subfield code="8">Alahram</subfield>
    <subfield code="a">MAIN</subfield>
    <subfield code="b">MAIN</subfield>
    <subfield code="c">1ST</subfield>
    <subfield code="d">2015-05-07</subfield>
    <subfield code="e">Purchase</subfield>
    <subfield code="g">989.00</subfield>
    <subfield code="h">321</subfield>
    <subfield code="l">5</subfield>
    <subfield code="m">62</subfield>
    <subfield code="o">618.9200231 WON</subfield>
    <subfield code="p">000038174</subfield>
    <subfield code="q">2023-02-02</subfield>
    <subfield code="r">2016-05-03 00:00:00</subfield>
    <subfield code="s">2016-05-03</subfield>
    <subfield code="v">1236.25</subfield>
    <subfield code="y">NB</subfield>
  </datafield>
  <datafield tag="952" ind1=" " ind2=" ">
    <subfield code="0">0</subfield>
    <subfield code="1">0</subfield>
    <subfield code="2">ddc</subfield>
    <subfield code="4">0</subfield>
    <subfield code="7">0</subfield>
    <subfield code="8">Alahram</subfield>
    <subfield code="a">MAIN</subfield>
    <subfield code="b">MAIN</subfield>
    <subfield code="c">1ST</subfield>
    <subfield code="d">2015-05-07</subfield>
    <subfield code="e">Purchase</subfield>
    <subfield code="g">989.00</subfield>
    <subfield code="h">321</subfield>
    <subfield code="l">4</subfield>
    <subfield code="m">69</subfield>
    <subfield code="o">618.9200231 WON</subfield>
    <subfield code="p">000038173</subfield>
    <subfield code="q">2023-02-02</subfield>
    <subfield code="r">2016-11-24 00:00:00</subfield>
    <subfield code="s">2016-11-24</subfield>
    <subfield code="v">1236.25</subfield>
    <subfield code="y">NB</subfield>
  </datafield>
  <datafield tag="952" ind1=" " ind2=" ">
    <subfield code="0">0</subfield>
    <subfield code="1">0</subfield>
    <subfield code="2">ddc</subfield>
    <subfield code="4">0</subfield>
    <subfield code="7">0</subfield>
    <subfield code="8">Baccah</subfield>
    <subfield code="a">MAIN</subfield>
    <subfield code="b">MAIN</subfield>
    <subfield code="c">1ST</subfield>
    <subfield code="d">2017-10-25</subfield>
    <subfield code="e">Purchase</subfield>
    <subfield code="g">1550.00</subfield>
    <subfield code="l">3</subfield>
    <subfield code="m">49</subfield>
    <subfield code="o">618.9200231 WON</subfield>
    <subfield code="p">000042223</subfield>
    <subfield code="r">2026-04-23 00:00:00</subfield>
    <subfield code="s">2026-04-02</subfield>
    <subfield code="y">BB</subfield>
  </datafield>
  <datafield tag="952" ind1=" " ind2=" ">
    <subfield code="0">0</subfield>
    <subfield code="1">0</subfield>
    <subfield code="2">ddc</subfield>
    <subfield code="4">0</subfield>
    <subfield code="7">0</subfield>
    <subfield code="8">Baccah</subfield>
    <subfield code="a">MAIN</subfield>
    <subfield code="b">MAIN</subfield>
    <subfield code="c">1ST</subfield>
    <subfield code="d">2017-10-25</subfield>
    <subfield code="e">Purchase</subfield>
    <subfield code="g">1550.00</subfield>
    <subfield code="l">3</subfield>
    <subfield code="m">3</subfield>
    <subfield code="o">618.9200231 WON</subfield>
    <subfield code="p">000042224</subfield>
    <subfield code="r">2026-01-12 00:00:00</subfield>
    <subfield code="s">2026-01-06</subfield>
    <subfield code="y">BB</subfield>
  </datafield>
  <datafield tag="952" ind1=" " ind2=" ">
    <subfield code="0">0</subfield>
    <subfield code="1">0</subfield>
    <subfield code="2">ddc</subfield>
    <subfield code="4">0</subfield>
    <subfield code="7">0</subfield>
    <subfield code="8">Baccah</subfield>
    <subfield code="a">MAIN</subfield>
    <subfield code="b">MAIN</subfield>
    <subfield code="c">1ST</subfield>
    <subfield code="d">2017-10-25</subfield>
    <subfield code="e">Purchase</subfield>
    <subfield code="g">1550.00</subfield>
    <subfield code="l">2</subfield>
    <subfield code="m">34</subfield>
    <subfield code="o">618.9200231 WON</subfield>
    <subfield code="p">000042225</subfield>
    <subfield code="q">2026-05-16</subfield>
    <subfield code="r">2025-10-18 00:00:00</subfield>
    <subfield code="s">2025-10-18</subfield>
    <subfield code="y">BB</subfield>
  </datafield>
</record>
